[Event "Championnat CEH Section Relève II"]
[Site "Gatineau"]
[Date "2015.04.21"]
[Round "3"]
[White "Traversy, Pierre"]
[Black "Simard, Paul"]
[Result "1-0"]
[BlackElo "1111"]
[WhiteElo "1223"]

{ A80: Défense hollandaise } 1.d4 f5 2.Nf3 e6 3.d5 Bd6
{ dernier coup de la
bibliothèque } 4.dxe6 ( 4.Nc3 Nf6 $14 ) 4...dxe6 $11 5.Nbd2 Nf6 6.b3 O-O
7.Bb2 b6 8.Nc4 Nbd7 ( 8...Nc6 $142 $11 { garde les Noirs en vie. } ) 9.Nxd6
$16 cxd6 10.Qxd6 Nc5 11.Qxd8 Rxd8 12.Bxf6 ( 12.e3 Bb7 $16 ) 12...gxf6 13.Nd2
Bb7 14.Rd1 ( 14.O-O-O Kf7 $16 ) 14...f4 ( 14...Rd7 15.e3 $14 ) 15.f3 $14
{ Contrôle e4 } 15...Rd7 ( 15...Na6 16.a3 $16 ) 16.Nc4 $16 Rxd1+ 17.Kxd1 Rd8+
18.Ke1 Kh8 19.e4 fxe3 20.Nxe3 a5 ( 20...Kg7 21.Bc4 $16 ) 21.Be2 $18 f5 22.Kf2
Rd2 ( 22...f4 23.Nc4 Ba6 24.Re1 $18 ( 24.Nxb6 $6 Rd2 25.Re1 Rxc2 $14 ) )
23.Rd1 Rxd1 24.Bxd1 h5 ( 24...Kg7 25.Nc4 Nd7 26.Be2 $18 ) 25.h4 ( 25.Nc4 $5
{ semble mieux. } 25...Nd7 $18 ) 25...Kg7 ( 25...b5 26.f4 Ne4+ 27.Ke1 $18 )
26.Be2 ( 26.Nc4 Nd7 $18 ) 26...Nd7 27.f4 Nc5 ( 27...Kg6 28.Bf3 Bxf3 29.Kxf3
$18 ) 28.Bf3 ( 28.Bxh5 $142 { est encore plus facile pour les Blancs. }
28...Ne4+ 29.Ke1 $18 ) 28...Bxf3 29.gxf3 ( 29.Kxf3 b5 $18 ) 29...Na6 30.a4 ( 
30.c3 Nc7 $18 ) 30...Nb4 $16 31.Ke2 Nd5 $4
{ une gaffe mais la position était déjà mauvaise. } ( 31...Kf7 $5 $16 )
32.Nxd5 $18 exd5 33.Kd3 Kf6 ( 33...Kf7
{ ne peut pas changer le
cours des choses pour ?. } 34.Kd4 Ke6 35.c3 $18 ) 34.Kd4 Ke6 35.c4 ( 35.c3
$142 { et les Blancs l'emportent. } 35...Kd6 36.c4 dxc4 37.bxc4 $18 ( 
37.Kxc4 $6 Kc6 $11 ) ) 35...dxc4 $11 36.Kxc4 Kd6 37.Kd4 Ke6 38.Kc4 Kd6
{ 2ème répétition de
position } 39.Kb5 { Les Blancs menacent un gain matériel: Rb5xb6 } 39...Kc7
40.b4 axb4 41.Kxb4 Kc6 42.Kc3 Kb7 $4 { ruine une très belle position. } ( 
42...Kc5 $142 $11 { doit éviter la défaite. } ) 43.Kd4 $18 Ka6 44.Ke5 Ka5
45.Kxf5 Kxa4 46.Ke5 b5 ( 46...Kb5 { ne résout rien. } 47.f5 Kc6 48.Ke6 Kb5
49.f6 Kb4 50.Kf5 Kc4 51.Kf4 b5 52.f7 Kc5 53.f8=Q+ Kc6 54.Ke5 Kb6 55.Qd6+ Kb7
56.Qd5+ Kc7 57.Qxb5 Kd8 58.Kd6 Kc8 59.f4 Kd8 60.Qd7# ) 47.f5 b4 48.f6 b3
49.f7 b2 50.f8=Q b1=Q ( 50...Kb3 { ne rattrape rien. } 51.Qf5 Kb4 52.Kd4 Kb3
53.Qb1 Kb4 54.Qxb2+ Ka5 55.Kc5 Ka4 56.Qb4# ) 51.Qa8+ Kb4 52.Qb8+ ( 52.Qb8+
Kc5 53.Qxb1 Kc6 54.Qc2+ Kb6 55.Kd6 Kb7 56.Qb3+ Ka8 57.Kc6 Ka7 58.Qb7# ) 1-0

[Event "Championnat CEH Section Relève II"]
[Site "Gatineau"]
[Date "2015.04.21"]
[Round "3"]
[White "Legare, Gilles"]
[Black "Arcand, Pierre"]
[Result "0-1"]
[BlackElo "1142"]
[WhiteElo "1094"]

1.e4 e5 2.Nf3 Nc6 3.Bb5 Nd4 4.Bc4 Nf6 5.c3 Nxf3+ 6.Qxf3 Be7 7.d4 d6 8.dxe5
dxe5 9.Bg5 Bg4 10.Qe3 Qd1# 0-1